Association for Project Management : East Anglia Branch (Record no. 120229)

MARC details
000 -LEADER
fixed length control field 00694cam a2200169 4500
001 - CONTROL NUMBER
control field WS121375
008 - FIXED-LENGTH DATA ELEMENTS--GENERAL INFORMATION
fixed length control field 030218n 000 0 eng u
035 ## - SYSTEM CONTROL NUMBER
System control number (Sirsi) u121375
110 ## - MAIN ENTRY--CORPORATE NAME
Corporate name or jurisdiction name as entry element Association for Project Management
9 (RLIN) 3835
245 ## - TITLE STATEMENT
Title Association for Project Management : East Anglia Branch
520 ## - SUMMARY, ETC.
Summary, etc. Web site for the East Anglia region of this UK based organisation dedicated to advancing the science of project management. Includes details of events and training.
650 ## - SUBJECT ADDED ENTRY--TOPICAL TERM
Topical term or geographic name entry element ORGANISATION
650 ## - SUBJECT ADDED ENTRY--TOPICAL TERM
Topical term or geographic name entry element EAST ANGLIA
690 ## - LOCAL SUBJECT ADDED ENTRY--TOPICAL TERM (OCLC, RLIN)
Topical term or geographic name as entry element Project management
9 (RLIN) 6261
856 40 - ELECTRONIC LOCATION AND ACCESS
Uniform Resource Identifier <a href="https://www.apm-eastanglia.org">https://www.apm-eastanglia.org</a>
Public note View the website free of charge at www.apm-eastanglia.org...
942 ## - ADDED ENTRY ELEMENTS (KOHA)
Suppress in OPAC 0
Holdings
Withdrawn status Lost status Source of classification or shelving scheme Damaged status Not for loan Home library Current library Shelving location Date acquired Total Checkouts Full call number Barcode Date last seen Copy number Price effective from Koha item type
    Dewey Decimal Classification     Virtual Virtual Online 18/02/2003   WEB SITE 121375-2001 06/08/2019 1 06/08/2019 Online material